000 00377 a2200157 4500
001 56577
020 _a8508100221
040 _cAnchieta - Pituba
100 _aScavone, Rubens Teixeira
240 1 0 _aHistórias de ficção científica
_lpor
245 1 0 _aHistórias de ficção científica
300 _a160
362 0 _a2006
650 4 _aLiteratura juvenil
942 _cBK
999 _c56577
_d56577